00263nam a22000977a 4500020001500000082001500015100002000030245006000050260004600110300000900156 a0195684583 a302.230954 aUday Sahay (Ed) aMaking news handbook of the media in contemporary India aNew DelhibOxford university pressc2006. a282p